Ancient Rome as a museum : power, identy and the culture of collecting

Αποθηκεύτηκε σε:
Λεπτομέρειες βιβλιογραφικής εγγραφής
Κύριος συγγραφέας: Rutledge, Steven, H., 1963-
Μορφή: Βιβλίο
Γλώσσα:English
Δημοσίευση: Oxford : Oxford University Press, c2012.
Σειρά:Oxford studies in ancient culture and representation
Θέματα:
Ετικέτες: Προσθήκη ετικέτας
Δεν υπάρχουν, Καταχωρήστε ετικέτα πρώτοι!

MARC

LEADER 00000nam a2200000 a 4500
001 1/107530
008 150717s2012####enka||||||||||||| ||eng||
020 |a 9780199573233 
040 |a GR-MyUa  |b gre  |c GR-MyUa  |e AACR2 
041 0 |a eng 
082 7 |a 709.37   |2 (23) 
100 1 |a Rutledge, Steven, H.,   |d 1963- 
245 1 0 |a Ancient Rome as a museum :   |b power, identy and the culture of collecting /   |c Steven H. Rutledge.  
260 |a Oxford :   |b Oxford University Press,   |c c2012.  
300 |a xxiv, 395 σ. :   |b εικ. ;   |c 25 εκ.  
490 1 |a (Oxford studies in ancient culture and representation) 
504 |a Περιέχει βιβλιογραφία και ευρετήριο.  
650 0 |a National characteristics, Roman. 
650 0 |a Art objects   |x Collectors and collecting  |z Rome. 
651 0 |a Rome  |x Civilization. 
830 0 |a Oxford studies in ancient culture and representation 
852 |a INST  |b LESVOS  |c BK  |e 20150717  |h 709.37 RUT  |p 005100056678  |q 005100056678  |t BK  |y 0 
922 |a 1ΕΛΗ  |b 2015-04  |c Τμήμα Πολιτισμικής Τεχνολογίας και Επικοινωνίας  |d Διαδρομές 
970 |a Καμάτσου  |b Δέσποινα  |z 17-07-2015